Từ điển từ nguyên giải nghĩa

Сохранить в:
Библиографические подробности
Главный автор: Vũ Ngọc Khánh
Формат:
Язык:English
Опубликовано: VHTT 2003
Предметы:
Метки: Добавить метку
Нет меток, Требуется 1-ая метка записи!
Thư viện lưu trữ: Mạng thư viện Đại học Đà Nẵng
LEADER 01057cam a22003251a 4500
001 000033826
003 10017
005 20160319000000.0
008 151027s2003 vm 000 eng
041 |a eng 
082 |a 495.923  |b VU-K 
100 |a Vũ Ngọc Khánh 
245 |a Từ điển từ nguyên giải nghĩa  |c Vũ Ngọc Khánh 
260 |a VHTT  |c 2003 
300 |a 550tr. : mh ; 20 cm 
650 |a 2003, Vũ Ngọc Khánh, Từ điển, từ nguyên giải nghĩa 
852 |b Đọc  |c TỪ ĐIỂN 
OWN |a LNN 
AVA |a UDN50  |b LNN  |d 495.923 VU-K  |e available  |t Error 5001 Not defined in file expand_doc_bib_avail.  |f 3  |g 0  |h N  |i 0  |k 1 
999 |a From the UDN01 
AVA |a UDN50  |b LNN  |d 495.923 VU-K  |e available  |t Error 5001 Not defined in file expand_doc_bib_avail.  |f 3  |g 0  |h N  |i 0  |k 1 
TYP |a Monograph 
TYP |a Printed language 
980 |a Mạng thư viện Đại học Đà Nẵng